| 000 | 01384cam a22003857a 4500 | ||
|---|---|---|---|
| 003 | CHAP | ||
| 005 | 20220817043925.0 | ||
| 008 | 040121d2001 it b rn 00110 eng d | ||
| 010 | _a87988 | ||
| 011 | _a88960 | ||
| 020 | _a9251046433 | ||
| 035 | _a99509 | ||
| 040 | _cCHAP | ||
| 082 | 0 | 4 |
_a639.21638 _bF21y v.71 |
| 110 | 2 |
_aFAO. Comisión General de Pesca para el Mediterráneo _939486 |
|
| 245 | 1 | 0 |
_aFeasibility assessment for a database on socio-economic indicators for mediterranean fisheries _c/by Ramón Franquesa, Mohammed Malouli Idrissi and José Antonio Alarcón |
| 260 |
_aRome : _bFAO, _c2001. |
||
| 300 |
_a61 p. : _bmapa |
||
| 490 | 0 |
_aFAO. Studies and reviews _v; 71 |
|
| 590 |
_aBATCH-UPD _b10 _c20130110 _lUCH01 _h0336 |
||
| 590 |
_aBATCH-UPD _b10 _c20130110 _lUCH01 _h1705 |
||
| 590 |
_aBATCH-UPD _b10 _c20130410 _lUCH01 _h0009 |
||
| 590 |
_aBATCH-UPD _b10 _c20130913 _lUCH01 _h2341 |
||
| 590 |
_aCONVERSION _b10 _c20130109 _lUCH01 _h1349 |
||
| 650 | 1 | 4 |
_aPiscicultura. _988531 |
| 650 | 1 | 4 | _aRecursos marinos. |
| 700 | 0 |
_aAlarcón, José Antonio. _93382 |
|
| 700 | 0 |
_aFranquesa, Ramón. _943046 |
|
| 700 | 0 |
_aMalouli Idrissi, Mohammed. _970192 |
|
| 830 | 0 | 0 |
_aFAO. Studies and reviews _v; 71 _939702 |
| 901 | _aBK | ||
| 905 | _aMayto Villalobos S. | ||
| 942 | _cLIBRO | ||
| 949 |
_a639.21638 F21y v.71 _bBC _cFAO _d33724000913612 _eFAO1 _gDonaciØn _h104231 _i99509 _sb |
||
| 999 |
_c87988 _d87988 |
||